[Event "IND-chB 49th"]
[Site "Aurangabad"]
[Date "2011.06.16"]
[Round "1"]
[White "Umapathy, S."]
[Black "Girinath, PDS"]
[Result "0-1"]
[WhiteElo "1938"]
[BlackElo "2377"]
[PlyCount "52"]
[EventDate "2011.06.16"]
[EventType "swiss"]
[EventRounds "13"]
[EventCountry "IND"]
[SourceTitle "CBM 143 Extra"]
[Source "ChessBase"]
[SourceDate "2011.08.29"]
[SourceVersion "1"]
[SourceVersionDate "2011.08.29"]
[SourceQuality "1"]

1. e4 e6 2. d4 d5 3. Nd2 c5 4. exd5 exd5 5. Ngf3 Nc6 6. Bb5 Bd6 7. 0-0 Nge7 8. dxc5 Bxc5 9. Nb3 Bb6 10. Bg5 0-0 11. c3 Bg4 12. h3 Bh5 13. Bh4 Qd6 14. Bxc6 bxc6 15. g4 Bg6 16. Nbd4 Rfe8 17. Re1 Be4 18. Bg3 Qh6 19. Kh2 c5 20. Nb3 Nc6 21. Nbd2 Bd3 22. Qa4 Rec8 23. Nf1 c4 24. Ne3 Qf6 25. Nh4 Bc7 26. Nxd5 Qxf2+ 0-1